000 00683nam a22002057a 4500
003 OSt
005 20240703021351.0
008 240703b |||||||| |||| 00| 0 eng d
020 _a978-621-416-105-8
040 _aDWC- Main Lib
_cOC
082 _aFil. 657.004 V1742i 2021
100 _aValix, Conrado T.
245 _aIntermediate accounting vol. 1 /
_cConrado T. Valix ; Jose F. Peralta & Christain Aris M. Valix.
260 _aManila, Philippines :
_bGIC Enterprises & Co. Inc.,
_cc2021.
300 _avol. 1, 1020 pages :
_billustrations ;
_c22cm
650 _a1. Accounting
700 _aPeralta, Jose F.
700 _aValix, Christain Aris M.
942 _2ddc
_cBK - FIL
_n1
999 _c1853
_d1853